000 00613 a2200217 4500
001 41992
005 20260407155711.0
008 260407a1981 arg spa d
003 AR-UNSa-BCEJYS
040 _aAR-UNSa-BCEJYS
_bspa
_cAR-UNSa-BCEJYS
080 _a330
_xEconomía en general
245 1 0 _aQué es la economía
250 _a13a. ed.
264 1 _aBuenos Aires :
_bColumba
_c1981
300 _a59 p.
_c20 cm.
505 _a1. La economía como realidad - 2. La economía como ciencia
041 _aspa
942 _cBK
590 _aniveau_biblio:m niveau_hierar:0
100 1 _aValsecchi, Francisco
999 _c3557
_d3557